000 00510nam a2200145Ia 4500
008 231217s9999 xx 000 0 und d
041 _aEnglish
082 _a658.8 DHA;1 R
100 _aDhanpal, D. David Rajesh
245 0 _aMarketing in the digital era : an anthology of papers presented in the AICTE sponsored national seminar
260 _c2006
_bSona School of Management
300 _a308
650 _aMarketing,digital,:,anthology,papers,presented,AICTE,sponsored,national,seminar
942 _cAA
999 _c180672
_d180672